Vstup do Uličky remesiel hyzdí zničený podchod k dezolátnemu stavuprispievajú nápisy a kresby na stenách a nečistota okolo

Bibliographic Details
Main Author: Vargová, Jana (Author)
Format: Article
Language:Slovak
PhysicalDescription:Fotogr.
ISSN:1339-7605
Subjects:
Online Access:https://kosicednes.sk/udalosti/vstup-do-ulicky-remesiel-hyzdi-zniceny-podchod/

MARC

LEADER 00000nab a2200000 a 4500
001 vtls011736035
003 SK-MaSNL
005 20260303082249.0
008 180112|20180111xo zr|p 000 0 slo
038 |a KEVKJB 
040 |a KEVKJB  |b slo  |c KEVKJB  |e AACR2 
041 0 |a slo 
044 |a xo  |c SK 
080 |a 711.73  |2 2011 
100 1 |a Vargová, Jana  |4 aut  |9 325005 
245 1 0 |a Vstup do Uličky remesiel hyzdí zničený podchod  |b k dezolátnemu stavuprispievajú nápisy a kresby na stenách a nečistota okolo  |c Jana Vargová 
300 |b Fotogr. 
650 0 7 |a ulička remesiel  |z Košice (Slovensko)  |2 kevkjb  |9 1039376 
651 7 |a Košice (Slovensko)  |2 kevkjb  |9 18694 
651 7 |a Hrnčiarska ulica (Košice, Slovensko)  |2 kevkjb  |9 29607 
773 0 |t KOŠICE:DNES  |g Roč. 5, č. 8 (11.1.2018), s. 5  |x 1339-7605 
852 |a KEVKJB  |b KIS3GCP 
856 4 1 |u https://kosicednes.sk/udalosti/vstup-do-ulicky-remesiel-hyzdi-zniceny-podchod/ 
999 |c 1787331  |d 1789261